|
|
|
|
| LEADER |
01169nam a2200313 a 4500 |
| 001 |
c000019999 |
| 003 |
CARM |
| 005 |
00000000000000.0 |
| 008 |
840410s1984 enka b 00110 eng |
| 010 |
|
|
|a 83228694 //r943
|
| 019 |
1 |
|
|a 3121625
|z 27545920
|z 26548173
|z 22457364
|5 LACONCORD2021
|
| 020 |
|
|
|a 0851573630
|
| 035 |
|
|
|a (OCoLC)10857718
|5 LACONCORD2021
|
| 050 |
0 |
0 |
|a Z699.3
|b .H68 1984
|
| 082 |
0 |
0 |
|a 025.3/028/54
|2 19
|
| 100 |
1 |
|
|a Houghton, Bernard,
|d 1935-
|
| 245 |
1 |
0 |
|a Online information retrieval systems :
|b an introductory manual to principles and practice /
|c Bernard Houghton and John Convey.
|
| 250 |
|
|
|a 2nd ed.
|
| 260 |
|
|
|a London :
|b C. Bingley,
|c 1984.
|
| 300 |
|
|
|a 205 p. :
|b ill. ;
|c 23 cm.
|
| 500 |
|
|
|a Includes index.
|
| 504 |
|
|
|a Bibliography: p. 181-182.
|
| 650 |
|
0 |
|a Online bibliographic searching.
|
| 650 |
|
0 |
|a Information retrieval.
|
| 650 |
|
0 |
|a Database searching.
|
| 700 |
1 |
|
|a Convey, John.
|
| 852 |
8 |
|
|b CARM
|h A2:AE11B0
|i B00317
|p 0016139
|f BK
|
| 999 |
f |
f |
|i a6894319-99e3-53a7-99b3-69fbaae12907
|s cbcdca2a-3b70-5182-a73a-be810b237def
|
| 952 |
f |
f |
|p Can circulate
|a CAVAL
|b CAVAL
|c CAVAL
|d CARM 1 Store
|e B00317
|f A2:AE11B0
|h Other scheme
|i book
|m 0016139
|